| 000 | 00367nam a2200145Ia 4500 | ||
|---|---|---|---|
| 005 | 20251222141851.0 | ||
| 008 | 251222s9999||||xx |||||||||||||| ||spa|| | ||
| 020 | _a978848489668 | ||
| 082 | _a268.828/S29 | ||
| 100 | _aSchmidt-Riese, Roland | ||
| 245 | 0 | _aCatequesis y Derecho en la América Colonial | |
| 250 | _a1ra. ed. | ||
| 264 | _bIberoamericana | ||
| 942 | _cLIB | ||
| 999 |
_c7727 _d7727 |
||